Equipping technical communicators for social justice work : (Record no. 20419)

000 -LEADER
fixed length control field 00791cam a2200157 i 4500
020 ## - INTERNATIONAL STANDARD BOOK NUMBER
ISBN 9781646421084
082 00 - DEWEY DECIMAL CLASSIFICATION NUMBER
Classification number 302.23
245 00 - TITLE STATEMENT
Title Equipping technical communicators for social justice work :
300 ## - PHYSICAL DESCRIPTION
Number of Pages x, 255 pages :
Other physical details illustrations ;
520 ## - SUMMARY, ETC.
Summary, etc "Provides action-focused resources-heuristics, methodologies, theories-for scholars to enact social justice. These resources support the work of scholars and practitioners in conducting research and teaching classes in socially just ways. Each chapter identifies a tool, highlights its relevance to technical communication, and explains how and why it can prepare" --
650 #0 - SUBJECT ADDED ENTRY--TOPICAL TERM
Topical Term Communication of technical information
650 #0 - SUBJECT ADDED ENTRY--TOPICAL TERM
Topical Term Social justice.
700 1# - ADDED ENTRY--PERSONAL NAME
Personal name Walton, Rebecca W.,
700 1# - ADDED ENTRY--PERSONAL NAME
Personal name Agboka, Godwin,
942 ## - ADDED ENTRY ELEMENTS (KOHA)
Koha item type Books

No copies available.

Cagayan State University University Library, Carig Campus
Tuguegarao City, Cagayan 3500 | www.csucarig.edu.ph

Powered by Koha